| 000 | 00423nam a2200169Ia 4500 | ||
|---|---|---|---|
| 001 | 14150 | ||
| 008 | 140402s9999 xx 000 0 und d | ||
| 020 | _a0-19-579041-3 | ||
| 040 | _cPK-LaUMT | ||
| 082 |
_a 320.95491 _bZAI-N |
||
| 100 | _aZaidi, S. Akbar | ||
| 245 |
_aThe new development paradigm : Papers on institutions, NGOs, _cZaidi, S. Akbar |
||
| 260 | _c1999 | ||
| 300 | _a321 p. | ||
| 546 | _aEN | ||
| 942 | _cBK | ||
| 999 |
_c14766 _d14766 |
||